LEADER 01007nam--2200349---450- 001 990000340060203316 035 $a0034006 035 $aUSA010034006 035 $a(ALEPH)000034006USA01 035 $a0034006 100 $a20010214d1982----km-y0itay0103----ba 101 $aita 102 $aIT 105 $a||||||||001yy 200 1 $aAtlante aerografico$econ esempi di fotointerpretazione$fEraldo Amadesi 210 $aBologna$cPitagora$d1982 215 $a134 p.$cill.$d25x25 cm$e1 cartella [84]c. 461 1$1001-------$12001 606 0 $aAerofotagrafie 676 $a910.22 700 1$aAMADESI,$bEraldo$08290 801 0$aIT$bsalbc$gISBD 912 $a990000340060203316 951 $a910.22 AMA$b12507 ING$c910.22 959 $aBK 969 $aTEC 979 $aTAMI$b40$c20010214$lUSA01$h1047 979 $aPATTY$b90$c20010320$lUSA01$h1339 979 $c20020403$lUSA01$h1642 979 $aPATRY$b90$c20040406$lUSA01$h1624 996 $aAtlante aerografico$9877861 997 $aUNISA LEADER 00901nam--2200325---450 001 990000743390203316 005 20220422091702.0 035 $a0074339 035 $aUSA010074339 035 $a(ALEPH)000074339USA01 035 $a0074339 100 $a20011114d1968----km-y0itay0103----ba 101 $ager 102 $aDE 105 $aaf||||||001yy 200 1 $a<> Niobidenmaler$fT.B.L.Webster 205 $aEdizione anastatica 210 $aRoma$cL'Erma di Bretschneider$d1968 215 $a24 p.$cill.$d29 cm 225 2 $aBilder griechischer Vasen$v8 410 0$12001$aBilder griechischer Vasen 606 0 $aPittura greca 676 $a759.1 700 1$aWEBSTER,$bThomas Bertram Lonsdale$0443338 912 $a990000743390203316 951 $aXI.3.B. 107(X B 427)$b157930 L.M.$cX B$d00073544 959 $aBK 969 $aUMA 996 $aNiobidenmaler$9282553 997 $aUNISA